| Tag |
First Indicator |
Second Indicator |
Subfields |
| LEADER |
00000cam a2200000Ia 4500 |
| 001 |
in00002201750 |
| 005 |
20151104114148.0 |
| 008 |
061208s2006 vaua b 000 0 eng d |
| 020 |
|
|
|z 9780939950766
|
| 035 |
|
|
|a (OCoLC)ocm76927651
|
| 040 |
|
|
|a GSU
|c GSU
|d IQU
|d MTG
|d GZM
|d TXA
|d UtOrBLW
|
| 049 |
|
|
|a TXAM
|
| 050 |
|
4 |
|a QP533
|b .M43 2006
|
| 245 |
0 |
0 |
|a Medical mineralogy and geochemistry /
|c editors, Nita Sahai, Martin A.A. Schoonen.
|
| 264 |
|
1 |
|a Chantilly, Va. :
|b Mineralogical Society of America,
|c [2006]
|
| 264 |
|
4 |
|c ©2006
|
| 300 |
|
|
|a xi, 332 pages :
|b illustrations ;
|c 23 cm.
|
| 336 |
|
|
|a text
|b txt
|2 rdacontent
|
| 337 |
|
|
|a unmediated
|b n
|2 rdamedia
|
| 338 |
|
|
|a volume
|b nc
|2 rdacarrier
|
| 490 |
1 |
|
|a Reviews in mineralogy and geochemistry,
|x 1529-6466 ;
|v v. 64
|
| 500 |
|
|
|a "The review chapters in this volume were the basis for a two day short course ... held at the United States Geological Survey in Menlo Park, California, U.S.A. (December 9-10, 2006)"--P. [iii].
|
| 504 |
|
|
|a Includes bibliographical references.
|
| 505 |
0 |
|
|a The emergent field of medical mineralogy and geochemistry / Nita Sahai, Martin A.A. Schoonen, H. Catherine W. Skinner -- The toxicological geochemistry of earth materials : an overview of processes and the interdisciplinary methods used to understand them / Geoffrey S. Plumlee, Suzette A. Morman, Thomas L. Ziegler -- Metal speciation and its role in bioaccessibility and bioavailability / Richard J. Reeder, Martin A.A. Schoonen, Antonio Lanzirotti -- Aluminum, Alzheimer's Disease and the geospatial occurrence of similar disorders / Daniel P. Perl, Sharon Moalem -- Potential role of soil in the transmission of prion disease / P.T. Schramm ... [et al.] -- Interaction of iron and calcium minerals in coals and their roles in coal dust-induced health and environmental problems / Xi Huang ... [et al.] -- Mineral-induced formation of reactive oxygen species / Martin A.A. Schoonen ... [et al.] -- Bone : nature of the calcium phosphate crystals and cellular, structural, and physical chemical mechanisms in their formation / Melvin J. Glimcher -- Silicate biomaterials for orthopaedic and dental implants / Marta Cerruti, Nita Sahai -- 10. Living cells in oxide glasses / Jacques Livage, Thibaud Coradin.
|
| 650 |
|
0 |
|a Minerals in the body.
|
| 650 |
|
0 |
|a Minerals
|x Bioavailability.
|
| 650 |
|
0 |
|a Minerals
|x Toxicology.
|
| 650 |
|
0 |
|a Mineralogy.
|
| 650 |
|
0 |
|a Geochemistry.
|
| 700 |
1 |
|
|a Sahai, Nita.
|
| 700 |
1 |
|
|a Schoonen, Martin A. A.,
|d 1960-
|
| 830 |
|
0 |
|a Reviews in mineralogy and geochemistry.
|x 1529-6466 ;
|v v. 64.
|
| 994 |
|
|
|a C0
|b TXA
|
| 948 |
|
|
|a cataloged
|b h
|c 2006/12/21
|d c
|e blrosas
|f 11:44:15 am
|
| 999 |
|
|
|a MARS
|
| 999 |
f |
f |
|s d55284f3-ea8c-3874-93d4-3ed79fcedf29
|i 6835c101-2a4e-301c-9fe6-f0feb2b383e7
|t 0
|
| 952 |
f |
f |
|p normal
|a Texas A&M University
|b College Station
|c Sterling C. Evans Library
|d Evans: Library Stacks
|t 0
|e QP533 .M43 2006
|h Library of Congress classification
|i unmediated -- volume
|m A14835117287
|
| 998 |
f |
f |
|a QP533 .M43 2006
|t 0
|l Evans: Library Stacks
|